Volcanoes / (Record no. 102889)
[ view plain ]
| 000 -LEADER | |
|---|---|
| fixed length control field | 00419nam a2200157 a 4500 |
| 005 - DATE AND TIME OF LATEST TRANSACTION | |
| control field | 20140412111245.0 |
| 008 - FIXED-LENGTH DATA ELEMENTS--GENERAL INFORMATION | |
| fixed length control field | 001111s19uu xx 00 eng d |
| 020 ## - INTERNATIONAL STANDARD BOOK NUMBER | |
| International Standard Book Number | 0-516-07835-6 |
| 050 ## - LIBRARY OF CONGRESS CALL NUMBER | |
| Classification number | M 551.21 |
| Item number | Ra123 1981 |
| 100 ## - MAIN ENTRY--PERSONAL NAME | |
| Personal name | Radlaver, Ruth Shaw |
| 245 ## - TITLE STATEMENT | |
| Title | Volcanoes / |
| Statement of responsibility, etc | Ruth Shaw Radlaver. |
| 260 ## - PUBLICATION, DISTRIBUTION, ETC. (IMPRINT) | |
| Place of publication, distribution, etc | Chicago : |
| Name of publisher, distributor, etc | Children's Press. |
| 300 ## - PHYSICAL DESCRIPTION | |
| Extent | 48p. ; col. ; ill. |
| 650 ## - SUBJECT ADDED ENTRY--TOPICAL TERM | |
| Topical term or geographic name as entry element | Volcanoes |
| Withdrawn status | Lost status | Damaged status | Home library | Current library | Shelving location | Date acquired | Total Checkouts | Full call number | Barcode | Date last seen | Price effective from | Koha item type |
|---|---|---|---|---|---|---|---|---|---|---|---|---|
| Elizalde Library | Elizalde Library | Main Section | 11/11/2000 | M 551.21 Ra123 1981 | E3091 | 04/12/2014 | 04/12/2014 | Books |